Most Points in One Game by Active NBA Player - Statistics

General Stats
  • This quiz has been taken 772 times
    691 since last reset
  • The average score is 11 of 31
Answer Stats
Points Player % Correct
61 LeBron James
95%
54 Stephen Curry
91%
70 Devin Booker
86%
54 Kevin Durant
78%
53 James Harden
75%
58 Russell Westbrook
69%
60 Klay Thompson
64%
59 Damian Lillard
60%
57 Kyrie Irving
53%
62 Carmelo Anthony
48%
55 Dwyane Wade
46%
59 Anthony Davis
41%
53 Dirk Nowitzki
29%
51 Kevin Love
29%
52 John Wall
28%
56 DeMarcus Cousins
26%
52 Kemba Walker
26%
53 Jimmy Butler
25%
52 Isaiah Thomas
23%
50 Paul Pierce
20%
51 Vince Carter
20%
55 Tony Parker
19%
57 Deron Williams
18%
52 Mo Williams
18%
52 Jamal Crawford
11%
51 Corey Brewer
8%
51 Terrence Ross
7%
55 Brandon Jennings
5%
52 Andre Miller
4%
50 Amar'e Stoudemire
2%
50 Kevin Martin
1%
No matching quizzes found
Score Distribution
Percent of People with Each Score
Percentile by Number Answered
Your Score History
You have not taken this quiz since the last reset